000 00291nam a2200121Ia 4500
008 220216s9999 xx 000 0 und d
100 _aHeywood M M
245 0 _aLatex treatment of tyre rayon
260 _bIRI Transactions
_c1946
300 _a159-160
650 _aTyre rayon
942 _cJS
999 _c62097
_d62097